000 00749nam a2200181Ia 4500
008 090630s9999 xx 000 0 und d
082 _b14953
100 _aलाटकर ना. स.
245 _aजलसंपदा अभियांत्रकिी.
_cलाटकर ना. स.
260 _bमहाराष्ट्र विद्यापीठ ग्रंथनिर्मिती मंडळ - नागपूर.
_c1980
300 _a367
600 _aलाटकर ना. स.
630 _aजलसंपदा अभियांत्रकिी.
655 _aइतर.
700 _aलाटकर ना. स.
730 _aजलसंपदा अभियांत्रकिी.
942 _cBOOK
999 _c266809
_d266809